| 000 | 00621cam a2200229 4500500 | ||
|---|---|---|---|
| 005 | 20260329005111.0 | ||
| 041 | _afre | ||
| 042 | _adc | ||
| 100 | 1 | 0 |
_aDurand, Jean-Marie _eauthor |
| 245 | 0 | 0 | _aS’enforester |
| 260 | _c2022. | ||
| 500 | _a49 | ||
| 690 | _aAnthropocène | ||
| 690 | _aArbre | ||
| 690 | _aBaptiste Morizot | ||
| 690 | _aBois | ||
| 690 | _aforêt | ||
| 690 | _aPhoto | ||
| 690 | _aPologne | ||
| 786 | 0 | _nPhilosophie magazine | 160 | 6 | 2022-06-01 | p. 64-64 | 1951-1787 | |
| 856 | 4 | 1 | _uhttps://shs.cairn.info/magazine-philosophie-magazine-2022-6-page-64?lang=fr&redirect-ssocas=7080 |
| 999 |
_c1840300 _d1840300 |
||